ბათუმის შოთა რუსთაველის სახელმწიფო უნივერსიტეტის ბიბლიოთეკა

Агротехника озимой пшеницы (ბიბ.ჩანაწერი № 46359)

000 -LEADER
fixed length control field 00548nam a2200205Ia 4500
001 - CONTROL NUMBER
control field 13195
003 - CONTROL NUMBER IDENTIFIER
control field GE_BSU
008 - FIXED-LENGTH DATA ELEMENTS--GENERAL INFORMATION
fixed length control field 181216s||||||||xx |||||||||||||| ||und||
040 ## - CATALOGING SOURCE
Transcribing agency GE_BSU
080 ## - UNIVERSAL DECIMAL CLASSIFICATION NUMBER
Universal Decimal Classification number 631.1
245 ## - TITLE STATEMENT
Title Агротехника озимой пшеницы
245 ## - TITLE STATEMENT
Statement of responsibility, etc. Ред.А.И.Григорьева
260 ## - PUBLICATION, DISTRIBUTION, ETC.
Place of publication, distribution, etc. Москва
260 ## - PUBLICATION, DISTRIBUTION, ETC.
Name of publisher, distributor, etc. Колос
260 ## - PUBLICATION, DISTRIBUTION, ETC.
Date of publication, distribution, etc. 1967
300 ## - PHYSICAL DESCRIPTION
Extent 400стр.20см.
300 ## - PHYSICAL DESCRIPTION
Dimensions Библиогр.с.389-399
653 ## - INDEX TERM--UNCONTROLLED
Uncontrolled term Агротехника озимой пшеницы
942 ## - ADDED ENTRY ELEMENTS (KOHA)
Koha item type წიგნი
ეგზემპლარები
Withdrawn status Lost status Damaged status Not for loan Date acquired Barcode Date last seen Price effective from Koha item type
        2018-12-17 20752 2018-12-17 2018-12-17 წიგნი
        2018-12-17 20806 2018-12-17 2018-12-17 წიგნი